| 000 | 00656nam a2200253Ia 4500 | ||
|---|---|---|---|
| 005 | 20250425162155.0 | ||
| 008 | 250425s9999 xx 000 0 und d | ||
| 020 | _a844941797X | ||
| 041 | _aspa | ||
| 043 | _asp | ||
| 082 |
_a909.08 _pOCE |
||
| 110 | _aGrupo Editorial OCEANO | ||
| 245 | 0 | _aHistoria del mundo moderno: entre la Gran Guerra y el nuevo milenio | |
| 250 | _aPrimera edición | ||
| 260 |
_aBarcelona _bOCEANO _c2001 |
||
| 300 |
_a405 páginas _bilustraciones _c30 cm. |
||
| 650 | _aGuerras | ||
| 650 | _aNuevo milenio | ||
| 650 | _aRevolución | ||
| 650 | _aTecnología | ||
| 902 | _cImpreso | ||
| 942 | _c01 | ||
| 010 | _a54294 | ||
| 999 |
_c223822 _d223822 |
||